00311nam a2200121Ia 45000030006000000080041000060400015000471000017000622450072000792600009001515460012001600050017001720STCL150530s9999 xx 000 0 und d aSTCLcSTCL aRock, R.N.H. aAusgewahlte moderne trennverfahren zur reinigung organischer stoffe c1957 aEnglish20220125170236.0